000 00803nam a2200217Ia 4500
005 20240530110942.0
008 140319s2002 xx 000 0 ara d
020 _a9773272230
040 _aGCL /
_cGCL
082 0 4 _a921.1 /
_bف ع
100 1 _aفؤاد زكريا
245 1 0 _aعاطف العراقى فيلسوفا عربيا ورائدا للاتجاه العقلى التنويرى /
_cفؤاد زكريا
260 _aالاسكندرية :
_bدار الوفاء لدنيا الطباعة و النشر،
_c2002
300 _a1239 ص ؛
_c24 سم
650 0 4 _aالتراجم
650 0 4 _aالفلاسفة المسلمون
650 0 4 _aالفلاسفة - تراجم
650 0 4 _aعاطف العراقى
942 _2ddc
_cBK
999 _c66840
_d66840